00743naa#a2200181#i#4500001002000000005001700020011001400037100004100051102000700092200014500099210008300244215001000327608004500337675005400382686005900436700005200495856001400547RU\NORMA\bibl\2079020260517233642.7##a1991-3222##a20180420b2018####ek#y0rusy0150####ca##aRU1#aЭВОЛЮЦИЯ ДОКТРИНЫ ПРИВАТНОСТИ (PRIVACY) В АМЕРИКАНСКОМ ПРАВЕeЖурнальная статья1#aМоскваcЮридическое издательство Нормаd2018##a0 с.##aЖурнальная статья2local##aПраво. Юридические науки. 34##aПраво. Юридические науки. 672bbk#1aУльбашевgАлим Хусейнович4#azh-szf.ru